Normal view
MARC view
- الشحيمي، محمد سعد خلف الله
Entry Personal Name
001 - CONTROL NUMBER
- control field: 51522
003 - CONTROL NUMBER IDENTIFIER
- control field: JO-AjAnu
005 - DATE AND TIME OF LATEST TRANSACTION
- control field: 20230606082457.0
008 - FIXED-LENGTH DATA ELEMENTS
- fixed length control field: 230606|| aca||aabn | a|a d
040 ## - CATALOGING SOURCE
- Original cataloging agency: JO-AjAnu
- Transcribing agency: JO-AjAnu
100 ## - HEADING--PERSONAL NAME
- Personal name: الشحيمي، محمد سعد خلف الله
670 ## - SOURCE DATA FOUND
- Source citation: Work cat.: (JO-AjAnu)26335: الشحيمي، محمد سعد خلف الله, author, كلمات الى الشباب في العلاقة مع الله والنفس والأسرة والمجتمع